000 00384nam a22001577a 4500
003 OSt
005 20211012151757.0
008 211012b |||||||| |||| 00| 0 eng d
020 _a9780421964105
040 _aHU
_cDDC
082 _a344.20643
245 _aTHE LAW OF REAL PROPERTY
260 _aLONDON
_bSWEET & MAXWELL
_c2008
300 _acclxxv,1528,P35CM
942 _2ddc
_cBOOKS
_n0
999 _c12017
_d12017